000
00255nam a22000977a 4500
999
_c
12703
_d
12703
082
_a
297.64
100
_a
Prof: Mufti Mohammad Waseem Akram
245
_a
Seerat Hazrat Sayadina Ali Al Murtaza
260
_a
Pakistan
_b
Mushtaque Book Corner
_c
2020
942
_c
BK